KOHA-Header-6

Insight in to IELTS Extra with Answers (Record no. 8774)

000 -LEADER
fixed length control field 00274nam a2200109Ia 4500
100 ## - MAIN ENTRY--AUTHOR NAME
Personal name Vanessa Jakeman
245 #0 - TITLE STATEMENT
Title Insight in to IELTS Extra with Answers
260 ## - PUBLICATION, DISTRIBUTION, ETC. (IMPRINT)
Place of publication India
Name of publisher Cambridge
Year of publication 1995
300 ## - PHYSICAL DESCRIPTION
Number of Pages 604
942 ## - ADDED ENTRY ELEMENTS (KOHA)
Koha item type Books
Holdings
Withdrawn status Lost status Collection code Permanent Location Current Location Shelving location Date acquired Full call number Accession Number Koha item type
    English Literature MAJU MAJU Shelf No.A14 2019-09-14 658.403 3744 English Literature

Powered by Koha